Générique Davy Crockett - Paroles - Statistiques

Statistiques générales
  • Ce quiz a été pris 14 fois
  • Le résultat moyen est 17 sur 28
Statistiques - réponses
Paroles % Correct
Tout le monde répétait son {nom}
93%
Davy Crockett, Davy {Crockett}
86%
Qui n'avait jamais {peur}
86%
Très très loin d'{ici}
86%
Contre les {méchants}
79%
Davy Crockett, Davy {Crockett}
79%
Le trappeur qui n'a jamais {peur}
79%
Le trappeur qui n'a jamais {peur}
79%
Le trappeur qui n'a jamais {peur}
79%
Le trappeur qui n'a jamais {peur}
79%
Davy Crockett, Davy {Crockett}
71%
Davy Crockett, Davy {Crockett}
71%
Davy Crockett, Davy {Crockett}
71%
Davy Crockett, Davy {Crockett}
71%
Le trappeur qui n'a jamais {peur}
71%
Le trappeur qui n'a jamais {peur}
71%
Dans toute l'{Amérique}
64%
Là-bas dans le {Tennessee}
64%
Vivait un {trappeur}
64%
Comme un mot {magique}
43%
De ce beau {pays}
43%
Entré dans la {légende}
36%
Il est {aujourd}'{hui}
29%
Il se battait {souvent}
21%
Pour faire {triompher}
21%
Qu'il sait si bien {défendre}
21%
Justice et {liberté}
14%
Plein de force et de {passion}
14%
Aucun quiz correspondant
Distribution des résultats
% des personnes avec chaque résultat
Percentile par nombre de réponses
Votre historique - résultats
Vous n’avez pas pris ce quiz